000 00909nam0a22002651 4500
001 rc\966726
005 20250622061405.0
035 _a(NLR Aleph) 006135936
090 _a5610832
_c5610832
100 _a20041129d1982 |||y0rusy50 ca
101 0 _arus
102 _aRU
105 _ay |||||||||
200 1 _aАртериальная гипертензия, дифференциальная диагностика, лечение
_eТекст лекции
210 _aТашкент
_cТашми
_d1982
215 _a18 с.
_d20
300 _aВ надзаг.: Ташк. гос. мед. ин-т
320 _aБиблиогр.: с. 18
700 1 _aЯнбаева
_bХ.И.
_gХуршид Ибниаминовна
701 1 _aХалмеева
_bХ.И.
_gХалима Исхаковна
801 0 _aRU
_bNLR
_gpsbo
801 1 _aRU
_bELAR
_2rusmarc
852 _aNLR
_j83-4/22230
942 _cBOOK
980 _aNB